Score 0/24 Timer 03:00
0 Plays Today
Title Missing Word % Correct
_____ AloneHome
98.3%
The Polar _____Express
97.3%
How the Grinch _____ ChristmasStole
96.8%
The _____ ClauseSanta
94.7%
_____ the HallsDeck
94%
A _____ StoryChristmas
93%
_____ FrostJack
90.5%
_____ Lampoon's Christmas VacationNational
86.2%
A _____ Brown ChristmasCharlie
85.6%
It's a _____ LifeWonderful
84.3%
Fred _____Claus
83.8%
Miracle on _____ Street34th
83.5%
Title Missing Word % Correct
_____ All the WayJingle
80.4%
Die _____Hard
77.6%
_____ ChristmasesFour
73.1%
_____ ChristmasWhite
67.6%
The ______ Before ChristmasNightmare
63%
_____ SantaBad
62.8%
The Muppet Christmas _____Carol
57.4%
Christmas with the _____Kranks
56%
_____ in ToylandBabes
53.1%
Love _____Actually
52.4%
Ernest _____ ChristmasSaves
34.5%
Holiday _____Inn
31.4%

Today's Daily Dose

Missing Word
I Hardly Know Her!

Word Ladder
Sentence Ending

Quick Pick
Female Firsts

Get the Picture
Triathlon Sports

Remove Ads.
Support Sporcle.
Get the best of Sporcle when you Go Orange. This ad-free experience offers more features, more stats, and more fun while also helping to support Sporcle. Thank you for becoming a member.

You're not logged in!

Compare scores with friends on all Sporcle quizzes.
OR
Log In

Show Comments

Extras

Top Quizzes Today


Score Distribution

Your Account Isn't Verified!

In order to create a playlist on Sporcle, you need to verify the email address you used during registration. Go to your Sporcle Settings to finish the process.

Report this User

Report this user for behavior that violates our Community Guidelines.

Details: